Análisis comparativo de la respuesta de puentes integrales con pilotes sometidos a carga lateral
保存先:
| 第一著者: | |
|---|---|
| フォーマット: | 図書 |
| 言語: | Spanish |
| 出版事項: |
[San José], Costa Rica
2012
|
| 主題: | |
| タグ: |
タグ追加
タグなし, このレコードへの初めてのタグを付けませんか!
|
MARC
| LEADER | 00000nam a22000007a 4500 | ||
|---|---|---|---|
| 003 | 010771 | ||
| 005 | 20221231143927.0 | ||
| 008 | 151102b2012 c a|||| |||| 00| 0 spa d | ||
| 040 | |c cru CEDI | ||
| 090 | |a TFG 6594 | ||
| 100 | |9 1973 |a González Carballo, Juan Pablo | ||
| 245 | |a Análisis comparativo de la respuesta de puentes integrales con pilotes sometidos a carga lateral | ||
| 260 | |a [San José], Costa Rica |c 2012 | ||
| 500 | |a Proyecto de graduación (licenciatura en ingeniería civil)--Universidad de Costa Rica. Facultad de Ingeniería. Escuela de Ingeniería Civil, | ||
| 650 | |x PUENTES DE HORMIGON - DISEÑO Y CONSTRUCCION |x PUENTES DE HORMIGON - EFECTOS SISMICOS |x ANALISIS ESTRUCTURAL (INGENIERIA) |x ANALISIS DE SUELOS |x PILOTES (INGENIERIA CIVIL) |x CURVAS EN INGENIERIA |x RESISTENCIA A LOS TERREMOTOS |9 1974 | ||
| 942 | |c TFG | ||
| 999 | |c 14356 |d 14356 | ||
